Регионална библиотека "Любен Каравелов" - Русе

На изток от Рая (Запис номер 158200)

MARC детайли
000 -Лидер
Контролно поле с фиксирана дължина 01492nam a2200373 c 4500
003 - Код на организацията, давaща контролен номер
Контролно поле BLK
005 - Дата и час на последна редакция
Контролно поле 20250711124834.0
008 - Елементи от данни с фиксирана дължина
fixed length control field 180410b bul|||||r ||||||| ||bul||
010 ## - Наследен системен номер
LC control number KNG00165207000
020 ## - Международен стандартен номер на книга ISBN
Международен стандартен номер на книга ISBN 978-619-150-105-2
-- издат.: Колибри
040 ## - Източник на каталожния запис
Идентификатор на билиотеката - собственик на записа BLK
041 ## - Код за език
Код за езика на текст/звукозапис или на отделно заглавие Български
Код за езика КДБФ Български
072 #7 - Код за тематичната категория
Код организация bullib
Код за тематична категория Н83
Текст Чужда художествена литература Н
080 ## - УДК
Текстов определител УДК Американска литература (на САЩ)
УДК код - определител по УДК 821.111(73)
УДК определител -312.1
УДК - код + определител 821.111(73)-312.1
100 1# - Редна дума - Автор
Автор Стайнбек, Джон
Авторска отговорност първи автор
R(LIN) 381221
139 ## - Редно поле
Редна дума Стайнбек, Джон
Авторски знак Стаи - С 62
245 10 - Сведения за заглавието
Заглавие На изток от Рая
Подзаглавни данни Роман
Редно поле (дума) Джон Стайнбек; прев. от англ. Кръстан Дянков.
250 ## - Област на изданието
Сведения за изданието 5. изд.
257 ## - Страна на издаване
Страна на създаване/издаване Съединени американски щати
260 ## - Област на издателските данни
-- София
Име на издателя, разпространителя и проч. Колибри
Година на издаване 2013
Печатница София : Симолини
300 ## - Физическа характеристика
Страници 367 с.
Размери/Мащаб 22 см
380 ## - Жанр
Жанр Худож. лит.
490 1# - СЕРИИ (Колекции)
Име на серия Модерна класика
500 ## - Общи забележки
Забележка Ориг. загл.: East of Eden / John Steinbeck. - 1. изд. 1986 на изд. Нар. култура. ISSN C624-8292
653 ## - Ключова дума – ненормативна
Ключова дума романи
659 ## - Тематичен бюлетин
Тематичен бюлетин Н
700 1# - Други автори (авторска отговорност)
Лично име Дянков, Кръстан
Автороска отговорност (Описва отношението между автора и произведението) прев. от англ.
9 (RLIN) 365804
852 ## - Местоположение
Форматна сигнатура Цб 270881
856 4# - Електронен адрес и достъп
Електронен формат pdf - файл
Път до файла /url/
856 4# - Електронен адрес и достъп
Електронен формат pdf - файл
Път до файла /url/
942 ## - АРТИКУЛИ
Вид на библиотечния материал Книги
Скрит в OPAC Не
Koha issues (borrowed), all copies 69
944 ## - СЪЗДАВАНЕ И РЕДАКЦИЯ на ЗАПИСА
Създаване/Редакция Създаване
Дата на регистрацията/редакция 25.09.2014
Статус, дата на статуса Цветомила Тодорова
Служител, извършил регистрацията/редакцията 30576
944 ## - СЪЗДАВАНЕ И РЕДАКЦИЯ на ЗАПИСА
Създаване/Редакция Редакция
Дата на регистрацията/редакция 18.08.2016
Статус, дата на статуса ф /
Служител, извършил регистрацията/редакцията Виолета_Тройчева
999 ## - СИСТЕМНИ КОНТРОЛНИ НОМЕРА
Koha biblionumber 158200
Koha biblioitemnumber 158200
Наличности
Код за отписване Код за изгубен артикул Код за повреда Коз за рестрикции Код за отдаване Артикулен № Име на библиотеката - собственик Име на библиотеката, в която се намира в момента Статус (Текущо местоположение) Дата на вписване в системата Местоположение - отдел Цена в лева Инвентарен номер Систематично азбучна сигнатура Баркод Номер на екземпляра Цена в евро Служебна бележка Служебен тип на артикула Източник на класификационната схема
  Не е изгубен Не е повреден без рестрикции ползва се в читалня 264702 Регионална библиотека "Любен Каравелов" Русе Регионална библиотека "Любен Каравелов" Русе Хранилище 2014-09-29 Хранилище 18.00 120000781085 Цб 270881 120000781085 1 9.20 Дост: Dp Вид: Д N: 1 Дата: 09.01.2014 Книги  
  Не е изгубен Не е повреден без рестрикции заемане за дома 264703 Регионална библиотека "Любен Каравелов" Русе Регионална библиотека "Любен Каравелов" Русе Заемна - подръчен фонд 2016-07-11 Заемна - подръчен фонд 18.00 120000802003 П 820(73)-31/С 62 120000802003 2 9.20 Дост: DA Вид: А N: 27 Дата: 11.07.2016 Дата инв: 13.02.2018 Бележки инв: П2018 Книги Universal Decimal Classification
  Не е изгубен Не е повреден   заемане за дома 708645 Регионална библиотека "Любен Каравелов" Русе Регионална библиотека "Любен Каравелов" Русе Заемна - подръчен фонд 2019-05-20 Заемна - подръчен фонд 18.00   П 820(73)-31/С 62 120000831701   9.20   Книги Universal Decimal Classification
Vip Innovations Ltd, Rousse, Bulgaria 2025